Los acreedores (Record no. 16479)

MARC details
000 -LEADER
campo de control de longitud fija 00713nam a2200241 i 4500
001 - NÚMERO DE CONTROL
campo de control 16479
003 - IDENTIFICADOR DE NÚMERO DE CONTROL
campo de control ES-MaACL
005 - FECHA Y HORA DE LA ÚLTIMA TRANSACCIÓN
campo de control 20250717063019.0
007 - CAMPO FIJO DE DESCRIPCIÓN FÍSICA--INFORMACIÓN GENERAL
campo de control de longitud fija t|
008 - DATOS DE LONGITUD FIJA--INFORMACIÓN GENERAL
campo de control de longitud fija 000929s1993 sp ||||1| spa d
020 ## - NÚMERO INTERNACIONAL ESTÁNDAR DEL LIBRO
Número Internacional Estándar del Libro 84-87524-49-4
080 ## - NÚMERO DE LA CLASIFICACIÓN DECIMAL UNIVERSAL
Número de la Clasificación Decimal Universal 821.113.6-23"19"
080 ## - NÚMERO DE LA CLASIFICACIÓN DECIMAL UNIVERSAL
Número de la Clasificación Decimal Universal 821.134.2-23"19"
100 1# - ENTRADA PRINCIPAL--NOMBRE DE PERSONA
Nombre de persona Sastre, Alfonso,
Fechas asociadas al nombre 1926-
9 (RLIN) 103915
245 14 - MENCIÓN DEL TÍTULO
Título Los acreedores
Resto del título : drama de August Strindberg /
Mención de responsabilidad, etc. versión libre de Alfonso Sastre.
260 ## - PUBLICACIÓN, DISTRIBUCIÓN, ETC.
Lugar de publicación, distribución, etc. Hondarribia :
Nombre del editor, distribuidor, etc. Hiru,
Fecha de publicación, distribución, etc. [1993]
300 ## - DESCRIPCIÓN FÍSICA
Extensión 102 p. ;
Dimensiones 18 cm.
490 1# - MENCIÓN DE SERIE
Mención de serie Teatro ;
Designación de volumen o secuencia 31
700 1# - ENTRADA AGREGADA--NOMBRE PERSONAL
Nombre de persona Strindberg, August.
9 (RLIN) 108433
830 0# - PUNTO DE ACCESO ADICIONAL DE SERIE-TÍTULO UNIFORME
Título uniforme Teatro ;
Designación de volumen o secuencia 31
9 (RLIN) 178026
852 ## - LOCALIZACIÓN
Ubicación ES-MaACL
Número de control de estantería L-23747
Sublocalización o colección R.128747
Holdings
Estatus retirado Estado de pérdida Estado de daño No para préstamo Biblioteca de origen Biblioteca actual Ubicación en estantería Fecha de adquisición Fuente de adquisición Total de préstamos Signatura topográfica completa Código de barras Visto por última vez Precio de reemplazo Tipo de ítem Koha
        Biblioteca del Ateneo de Madrid Biblioteca del Ateneo de Madrid Depósito 2 17/01/2008     L-23747 1016741 23/02/2023 23/02/2023 Libro impreso